Metallica Albums Tile Select - Statistics

General Stats
  • This quiz has been taken 302 times
  • The average score is 64 of 75
Answer Stats
Question Tile Select % Correct
the following songs that are on Kill 'Em All (1983). The Thing That Should Not Be No
99%
the following songs that are on Kill 'Em All (1983). The Frayed Ends of Sanity No
98%
the following songs that are on Kill 'Em All (1983). The Four Horsemen Yes
97%
the following songs that are on Kill 'Em All (1983). Cyanide No
96%
the following songs that are on Ride the Lightning (1984). Dyers Eve No
96%
the following songs that are on Kill 'Em All (1983). Escape No
96%
the following songs that are on Ride the Lightning (1984). For Whom the Bell Tolls Yes
96%
the following songs that are on Metallica (1991). Phantom Lord No
96%
the following songs that are on Master of Puppets (1986). The God That Failed No
96%
the following songs that are on Master of Puppets (1986). The Shortest Straw No
96%
the following songs that are on Ride the Lightning (1984). The Struggle Within No
96%
the following songs that are on ...And Justice for All (1988). Whiplash No
96%
the following songs that are on Master of Puppets (1986). Battery Yes
95%
the following songs that are on ...And Justice for All (1988). Damage, Inc. No
95%
the following songs that are on Metallica (1991). Enter Sandman Yes
95%
the following songs that are on ...And Justice for All (1988). Nothing Else Matters No
95%
the following songs that are on ...And Justice for All (1988). One Yes
95%
the following songs that are on Metallica (1991). Sad But True Yes
95%
the following songs that are on Ride the Lightning (1984). Through the Never No
95%
the following songs that are on Master of Puppets (1986). Welcome Home (Sanitarium) Yes
95%
the following songs that are on Ride the Lightning (1984). Fade to Black Yes
94%
the following songs that are on Master of Puppets (1986). Orion Yes
94%
the following songs that are on Kill 'Em All (1983). Seek & Destroy Yes
94%
the following songs that are on Master of Puppets (1986). Jump in the Fire No
93%
the following songs that are on Master of Puppets (1986). Wherever I May Roam No
93%
the following songs that are on Metallica (1991). Better than You No
92%
the following songs that are on ...And Justice for All (1988). Blackened Yes
92%
the following songs that are on ...And Justice for All (1988). Harvester of Sorrow Yes
92%
the following songs that are on Metallica (1991). No Remorse No
92%
the following songs that are on Ride the Lightning (1984). The Call of Ktulu Yes
92%
the following songs that are on Ride the Lightning (1984). Creeping Death Yes
91%
the following songs that are on Metallica (1991). The Unforgiven Yes
91%
the following songs that are on Kill 'Em All (1983). (Anesthesia) Pulling Teeth Yes
90%
the following songs that are on Kill 'Em All (1983). Metal Militia Yes
90%
the following songs that are on Ride the Lightning (1984). Trapped Under Ice Yes
90%
the following songs that are on Master of Puppets (1986). Leper Messiah Yes
89%
the following songs that are on ...And Justice for All (1988). My Friend of Misery No
89%
the following songs that are on ...And Justice for All (1988). Eye of the Beholder Yes
88%
the following songs that are on Metallica (1991). Holier Than Thou Yes
88%
the following songs that are on Master of Puppets (1986). Disposable Heroes Yes
87%
the following songs that are on Ride the Lightning (1984). Fight Fire with Fire Yes
87%
the following songs that are on Metallica (1991). Of Wolf and Man Yes
87%
the following songs that are on Metallica (1991). Don't Tread On Me Yes
86%
the following songs that are on Load (1996). All Nightmare Long No
85%
the following songs that are on Reload (1997). Atlas, Rise! No
85%
the following songs that are on Reload (1997). Fuel Yes
85%
the following songs that are on Load (1996). Now That We're Dead No
84%
the following songs that are on ...And Justice for All (1988). To Live Is to Die Yes
84%
the following songs that are on Load (1996). King Nothing Yes
83%
the following songs that are on Reload (1997). The Memory Remains Yes
82%
the following songs that are on Death Magnetic (2009). The Unforgiven III Yes
82%
the following songs that are on Reload (1997). My World No
81%
the following songs that are on St. Anger (2003). Some Kind of Monster Yes
81%
the following songs that are on St. Anger (2003). Frantic Yes
79%
the following songs that are on Death Magnetic (2009). The Day That Never Comes Yes
79%
the following songs that are on Kill 'Em All (1983). Phantom Lord Yes
78%
the following songs that are on Load (1996). The Unnamed Feeling No
78%
the following songs that are on Load (1996). Until It Sleeps Yes
78%
the following songs that are on Load (1996). Mama Said Yes
77%
the following songs that are on St. Anger (2003). Cure No
76%
the following songs that are on St. Anger (2003). Devil's Dance No
75%
the following songs that are on Death Magnetic (2009). Spit Out the Bone No
74%
the following songs that are on Death Magnetic (2009). All Within My Hands No
73%
the following songs that are on Death Magnetic (2009). Moth into Flame No
73%
the following songs that are on Reload (1997). The Judas Kiss No
73%
the following songs that are on Load (1996). Bleeding Me Yes
70%
the following songs that are on Load (1996). Hero of the Day Yes
70%
the following songs that are on St. Anger (2003). Sweet Amber Yes
68%
the following songs that are on Reload (1997). Carpe Diem Baby Yes
66%
the following songs that are on Load (1996). The Unforgiven II No
65%
the following songs that are on Death Magnetic (2009). Broken, Beat & Scarred Yes
63%
the following songs that are on St. Anger (2003). Shoot Me Again Yes
61%
the following songs that are on Reload (1997). Low Man's Lyric Yes
60%
the following songs that are on Reload (1997). The House Jack Built No
59%
the following songs that are on Reload (1997). 2 X 4 No
55%
No matching quizzes found
Score Distribution
Percent of People with Each Score
Percentile by Number Answered
Your Score History
You have not taken this quiz